[Event "Mlada Boleslav op"]
[Site "Mlada Boleslav"]
[Date "1994.??.??"]
[Round "1"]
[White "Tabatadze, Tamaz"]
[Black "Khomeriki, Giorgi"]
[Result "1-0"]
[WhiteElo "2390"]
[BlackElo "2210"]
[PlyCount "99"]
[EventDate "1994.??.??"]
[EventType "swiss"]
[EventRounds "9"]
[EventCountry "CZE"]
[SourceTitle "EXT 1997"]
[Source "ChessBase"]
[SourceDate "1996.11.15"]
[SourceVersion "1"]
[SourceVersionDate "1996.11.15"]
[SourceQuality "1"]

1. c4 Nf6 2. Nc3 e5 3. g3 Bb4 4. Nf3 Bxc3 5. bxc3 d6 6. Bg2 0-0 7. 0-0 Re8 8. d3 Nbd7 9. e4 a6 10. a4 a5 11. Nh4 Nc5 12. f4 exf4 13. Bxf4 h6 14. Nf5 Bxf5 15. exf5 d5 16. d4 Nce4 17. Qd3 dxc4 18. Qxc4 Nd5 19. Rae1 Nxf4 20. Bxe4 Nh3+ 21. Kg2 Ng5 22. Bxb7 Rb8 23. Rxe8+ Qxe8 24. Qxc7 Rd8 25. Bc6 Rc8 26. Bxe8 Rxc7 27. Rc1 Ne4 28. d5 Kf8 29. Bc6 Nd6 30. g4 Nc4 31. Re1 Re7 32. Rb1 Re2+ 33. Kh1 Ke7 34. Bb5 Re4 35. h3 g6 36. Bxc4 Rxc4 37. Rb7+ Kf6 38. Rb6+ Ke5 39. fxg6 fxg6 40. Rxg6 Rxc3 41. Rxh6 Ra3 42. Kg2 Rxa4 43. d6 Ra2+ 44. Kg3 a4 45. d7 Rd2 46. Ra6 Rxd7 47. Rxa4 Rd3+ 48. Kh4 Kf6 49. Ra6+ Kg7 50. Kg5 1-0

[Event "Troll Masters"]
[Site "Gausdal"]
[Date "1992.??.??"]
[Round "4"]
[White "Khomeriki, Giorgi"]
[Black "Hunt, Harriet"]
[Result "1-0"]
[WhiteElo "2210"]
[BlackElo "2130"]
[PlyCount "63"]
[EventDate "1992.01.??"]
[EventType "swiss"]
[EventRounds "9"]
[EventCountry "NOR"]
[SourceTitle "CBM 028 Extra"]
[Source "ChessBase"]
[SourceDate "1992.07.01"]
[SourceVersion "1"]
[SourceVersionDate "1992.07.01"]
[SourceQuality "1"]

1. e4 c6 2. d4 d5 3. exd5 cxd5 4. Bd3 Nc6 5. c3 Nf6 6. h3 g6 7. Nf3 Bg7 8. 0-0 0-0 9. Re1 Bf5 10. Bxf5 gxf5 11. Bf4 Ne4 12. Nbd2 e6 13. Nf1 Ne7 14. Ne5 Nc6 15. f3 Nf6 16. Qd2 Nh5 17. Bg5 Qc7 18. Nxc6 bxc6 19. g4 fxg4 20. hxg4 Nf6 21. Kg2 c5 22. Ng3 Rfc8 23. Rh1 cxd4 24. Bxf6 Bxf6 25. Qh6 Be5 26. Rae1 Bg7 27. Qxh7+ Kf8 28. Nh5 f6 29. Rxe6 dxc3 30. Nxf6 Qf7 31. Qf5 cxb2 32. Nd7+ 1-0